000 00330nam a2200133Ia 4500
008 210210b1985 xxu||||| |||| 00| 0 eng d
082 _a346.02 NAIL
100 _aNAIR (M Krishnan).
245 _aLaw of contracts.
260 _aHyderabad
_bOrient Londman Ltd
_c1985
300 _a572
690 _aCommercial Law
906 _a040565
999 _c90568
_d90568